书目信息 |
| 题名: |
生活以痛吻我,我却报之以歌
|
|
| 作者: | 青梧 著 | |
| 分册: | ||
| 出版信息: | 北京 人民交通出版社股份有限公司 2019 |
|
| 页数: | 202页 | |
| 开本: | 21cm | |
| 丛书名: | ||
| 单 册: | ||
| 中图分类: | K818.5 | |
| 科图分类: | ||
| 主题词: | 女性--名人--生平事迹--西方国家 | |
| 电子资源: | ||
| ISBN: | 978-7-114-15176-7 | |
| 000 | 00993nam0 2200217 450 | |
| 001 | 2052143593 | |
| 005 | 20201203142910.23 | |
| 010 | @a978-7-114-15176-7@dCNY46.80 | |
| 100 | @a20190604d2019 em y0chiy50 ea | |
| 101 | 0 | @achi |
| 102 | @aCN@b110000 | |
| 105 | @aa z 000yd | |
| 200 | 1 | @a生活以痛吻我,我却报之以歌@9sheng huo yi tong wen wo,wo que bao zhi yi ge@b专著@f青梧著 |
| 210 | @a北京@c人民交通出版社股份有限公司@d2019 | |
| 215 | @a202页@c图,照片@d21cm | |
| 330 | @a本书记叙了11位西方奇女子的传奇人生。从一贫如洗到呼风唤雨,罗曼史与奋斗史同样辉煌的“时尚先锋”香奈儿,才情动人又狂野神秘的作家杜拉斯,一生致力于推动女性觉醒、女性独立的战士波伏娃,穷尽毕生心血,写就一部经典《乱世佳人》的才女米切尔。她们都是鲜活而美好的灵魂,20岁时美丽,30岁时优雅,40岁时迷人,一生让人无法抗拒。她们用生命诠释了女人越独立,人生越高级。 | |
| 606 | 0 | @a女性@x名人@x生平事迹@x西方国家 |
| 690 | @aK818.5@v5 | |
| 701 | 0 | @a青梧@9qing wu@c(女)@4著 |
| 801 | 2 | @aCN@b58marc.cn@c20190715 |
| 905 | @aZUCC@dK818.5@e13 | |
| 生活以痛吻我,我却报之以歌/青梧著.-北京:人民交通出版社股份有限公司,2019 |
| 202页:图,照片;21cm |
| ISBN 978-7-114-15176-7:CNY46.80 |
| 本书记叙了11位西方奇女子的传奇人生。从一贫如洗到呼风唤雨,罗曼史与奋斗史同样辉煌的“时尚先锋”香奈儿,才情动人又狂野神秘的作家杜拉斯,一生致力于推动女性觉醒、女性独立的战士波伏娃,穷尽毕生心血,写就一部经典《乱世佳人》的才女米切尔。她们都是鲜活而美好的灵魂,20岁时美丽,30岁时优雅,40岁时迷人,一生让人无法抗拒。她们用生命诠释了女人越独立,人生越高级。 |
| ● |
| 相关链接 |
|
|
|
正题名:生活以痛吻我,我却报之以歌
索取号:K818.5/13
 
预约/预借
| 序号 | 登录号 | 条形码 | 馆藏地/架位号 | 状态 | 备注 |
| 1 | 2000875646 | 2000875646 | 第二书库/ [索取号:K818.5/13] | 在馆 | |
| 2 | 2000875647 | 2000875647 | 第二书库/ [索取号:K818.5/13] | 在馆 | |
| 3 | 2000875648 | 2000875648 | 第二书库/ [索取号:K818.5/13] | 在馆 |